000 00911nam a22002417a 4500
999 _c19963
_d19963
003 AR-CdUCM
008 190524b ||||| |||| 00| 0 spa d
040 _aMUNICIPALIDAD PROVINCIAL DEL CUSCO
_cBIBLIOTECA MUNICIPAL DEL CUSCO
041 _heng
082 _a338.522 /
_bCH18
_25ed.
100 _aChamberlin, Edward Hastings
_941760
245 _aTeoría de la competencia monopólica /
260 _aMéxico :
_bFondo de cultura económica,
_c1956.
300 _a292 páginas
_c22 cm.
505 _aContenido: El valor en condiciones de competencia pura -- Duopolio y Oligopolio -- Diferenciación del producto: Competencia monopólica...
650 _aEconomia
_9382
650 _aMonopolio
_92677
650 _aOligopolio
_916351
650 _aDuopolio
_941761
700 _aLara Beautell, Cristóbal y L. Urquidi, Víctor (traductores)
_941762
942 _2ddc
_cLIBROS
945 _aJavier
_d2019-05-24